000 00395nam a2200133Ia 4500
008 231129s1966||||xx |||||||||||||| ||spa||
040 _bspa
082 _aCo861 M379p
100 _aMartin Jose Luis
245 0 _aLa poesia de Jose Eusebio Caro : Contribucion estilistica al estudio del romanticismo hispanoamericano
260 _c1966
264 _aInstituto Caro y Cuervo
942 _2ddc
_cBKS
999 _c17953
_d17953